MARC

Tag First Indicator Second Indicator Subfields
LEADER 00000cam a2200000Ia 4500
001 in00002348813
005 20151108065359.0
008 070524s2007 nyua bc 000 0 eng d
019 |a 154788385 
020 |a 9783865215338 
020 |a 3865215335 
020 |z 3865215338 
029 1 |a OHX  |b har075014669 
035 |a (OCoLC)ocn180877916 
035 |a (OCoLC)ocn154788385 
035 |a (OCoLC)154788385 
035 |a (OCoLC)180877916  |z (OCoLC)154788385 
040 |a NYPIC  |c NYPIC  |d OSU  |d BTCTA  |d BAKER  |d OHX  |d YDXCP  |d TXA  |d UtOrBLW 
043 |a e-sp--- 
049 |a TXAM 
050 4 |a TR820.6  |b .C36 2007 
100 1 |a Whelan, Richard. 
245 1 0 |a This is war :  |b Robert Capa at work /  |c Richard Whelan. 
246 3 0 |a Robert Capa at work 
250 |a 1st ed. 
264 1 |a New York :  |b International Center of Photography ;  |a Göttingen :  |b Steidl,  |c 2007. 
300 |a 287 pages :  |b illustrations (some color) ;  |c 29 cm. 
336 |a text  |b txt  |2 rdacontent 
337 |a unmediated  |b n  |2 rdamedia 
338 |a volume  |b nc  |2 rdacarrier 
500 |a "Published in conjunction with the exhibition "This is war! Robert Capa at work" organized by the International Center of Photography, New York. Exhibition dates: September 26, 2007 through January 6, 2008"--Colophon. 
504 |a Includes bibliographical references (pages 282-285). 
600 1 0 |a Capa, Robert,  |d 1913-1954  |v Exhibitions. 
610 2 0 |a International Center of Photography  |v Exhibitions. 
650 0 |a War photography  |v Exhibitions. 
650 0 |a Photojournalism  |v Exhibitions. 
650 0 |a Sino-Japanese War, 1937-1945  |v Pictorial works. 
651 0 |a Spain  |x History  |y Civil War, 1936-1939  |v Pictorial works. 
650 0 |a World War, 1939-1945  |v Pictorial works. 
650 0 |a World War, 1939-1945. 
710 2 |a International Center of Photography. 
938 |a Baker and Taylor  |b BTCP  |n BK0007287053 
938 |a Baker & Taylor  |b BKTY  |c 70.00  |d 52.50  |i 3865215335  |n 0007287053  |s active 
938 |a YBP Library Services  |b YANK  |n 2579859 
938 |a Otto Harrassowitz  |b HARR  |n har075014669  |c 79.64 USD 
945 |a PromptCat  |b 315213 
946 |a stk 
947 |a A14836544592 
948 |a cataloged  |b h  |c 2008/1/23  |d c  |e jgreene  |f 4:20:23 pm 
994 |a C0  |b TXA 
999 |a MARS 
999 f f |s e19f745d-d145-375b-9dad-c0f726360831  |i d6c03b5f-4da2-37b9-9878-5ef5282757e0  |t 0 
952 f f |p ric  |a Texas A&M University  |b Rellis Campus  |c Joint Library Facility  |d Remote Storage  |t 0  |e TR820.6 .C36 2007  |h Library of Congress classification  |i unmediated -- volume  |m A14836544592 
998 f f |a TR820.6 .C36 2007  |t 0  |l Remote Storage